| 000 | 00455nam a2200157 i 4500 | ||
|---|---|---|---|
| 001 | 95668 | ||
| 003 | ES-MaACL | ||
| 005 | 20230906181742.0 | ||
| 007 | t| | ||
| 008 | 050602s1964 sp ||||1| spa d | ||
| 100 | 1 |
_aLlorente, María Dolores. _972908 |
|
| 245 | 1 | 3 |
_aLa casa Desmur / _cMaría Dolores Llorente. |
| 260 |
_aPalma de Mallorca : _b[s.n.], _c1964 ( _fImp. Mossen Alcover) |
||
| 300 |
_a133 p. ; _c20 cm. |
||
| 852 |
_aES-MaACL _jC-25169 _bR.54029 |
||
| 999 |
_c95668 _d95668 |
||